الشعر الجاهلى بين النص والقص/ (Record no. 63723)
[ view plain ]
| 000 -الفاتح | |
|---|---|
| حقل البيانات ثابتة الطول | 00893nam a22002297a 4500 |
| 005 - وقت وتاريخ اخر تعامل مع التسجيلة | |
| رقم الضبط | 20240530110655.0 |
| 008 - عناصر البيانات ثابتة الطول - معلومات عامة | |
| حقل البيانات ثابتة الطول | 171219s2016 ua g b 000 p ara d |
| 017 ## - رقم الايداع القانونى | |
| رقم الايداع القانونى | 2015/21329 |
| المصدر ( الهيئة المختصة) | مصر. دار الكتب |
| 020 ## - الرقم الدولى المعيارى للكتب | |
| الرقم الدولى المعيارى للكتاب | 9789770530191 |
| 040 ## - مصدر الفهرسة | |
| وكالة الفهرسة الأصلية | EG-CaGPL |
| وكالة النسخ | EG-CaGPL |
| 082 04 - رقم تصنيف ديوى العشرى | |
| رقم الطبعة | 21 |
| رقم التصنيف | 811.1 / |
| رقم المادة | م ش |
| 100 0# - المدخل الرئيسى - إسم شخصى | |
| الإسم الشخصى | مى يوسف خليف |
| 245 12 - بيان العنوان | |
| العنوان | الشعر الجاهلى بين النص والقص/ |
| بيان المسئوليه,etc | تاليف مى يوسف خليف |
| 260 ## - PUBLICATION, DISTRIBUTION, ETC. (IMPRINT) | |
| تاريخ النشر أو التوزيع | 2016. |
| 300 ## - الوصف المادى | |
| التعداد | 216 ص. ؛ |
| أبعاد الوعاء | 24 سم. |
| 504 ## - تبصرة ببليوجرافية | |
| تبصرة ببليوجرافية,الخ | يشتمل على ارجاعات ببليوجرافية |
| 650 07 - المدخل الاضافى بالموضوع-مصطلح موضوعى | |
| مصدر الرأس أو المصطلح | qrmak |
| مصطلح موضوعي | الشعر العربى |
| التقسيم الفرعي العام | تاريخ ونقد |
| 650 07 - المدخل الاضافى بالموضوع-مصطلح موضوعى | |
| مصدر الرأس أو المصطلح | qrmak |
| مصطلح موضوعي | الشعر العربى |
| التقسيم الفرعي العام | تاريخ ونقد |
| التقسيم الفرعي الزمني | العصر الجاهلى |
| 651 ## - المدخل الاضافى بالموضوع - اسم جغرافى | |
| مصدر الرأس أو المصطلح | qrmak |
| 942 ## - عناصر المدخل الإضافي( كوها) | |
| مصدر التصنيف او مخطط الترفيف | Dewey Decimal Classification |
| Koha [default] item type | كتاب |
| 260 ## - PUBLICATION, DISTRIBUTION, ETC. (IMPRINT) | |
| -- | القاهرة : |
| -- | مكتبة الانجلو المصرية ، |
| حالة التراجع | حالة الفقد | حالة تلف | ليس للاعارة | المكان المؤقت | الموقع الحالى | موقع الترفيف | تاريخ الاكتساب | اجمالي اﻻعارات | رقم الطلب | الباركود | تاريخ اخر مشاهدة | تاريخ تفعيل السعر | نوع وعاء كوها |
|---|---|---|---|---|---|---|---|---|---|---|---|---|---|
| مكتبة القاهرة الكبرى | مكتبة القاهرة الكبرى | القاعة الرئيسية | 12/19/2017 | 811.1 / م ش | 163832 | 12/19/2017 | 12/19/2017 | كتاب |

